Sociální změna ve východní Evropě - sociální občanství v nových demokraciích.

Základ občianskych a politických práv: ekonomika a politika. Transformácia ekonomiky. Podmienka a cieľ transformačného procesu. Transformácia sociálnej štruktúry. Vplyv transformačného procesu na sociálnu politiku. Formovanie novej sociálnej politiky.

Na minha lista:
Detalhes bibliográficos
Autor principal: Ferge, Z.
Formato: Capítulo de Livro
Idioma:tcheco
Assuntos:
Tags: Adicionar Tag
Sem tags, seja o primeiro a adicionar uma tag!

MARC

LEADER 00000naa a2200000 4500
001 r013539
005 20221205080443.1
041 0 |a cze 
044 |a CZ 
245 1 0 |a Sociální změna ve východní Evropě - sociální občanství v nových demokraciích.  |c Z. Ferge 
520 |a Základ občianskych a politických práv: ekonomika a politika. Transformácia ekonomiky. Podmienka a cieľ transformačného procesu. Transformácia sociálnej štruktúry. Vplyv transformačného procesu na sociálnu politiku. Formovanie novej sociálnej politiky. 
610 2 0 |a transformácia 
610 2 0 |a politika sociálna 
610 2 0 |a východná Európa 
610 2 0 |a štruktúra sociálna 
610 2 0 |a reformy hospodárske 
100 1 |a Ferge, Z.